|
|
|
|
| LEADER |
01300nam a2200325Ia 4500 |
| 001 |
EBC1134923 |
| 003 |
MiAaPQ |
| 005 |
20200520144314.0 |
| 006 |
m o d | |
| 007 |
cr cn||||||||| |
| 008 |
091119s2010 tz s 000 0 eng d |
| 020 |
|
|
|z 9789987080991
|
| 035 |
|
|
|a (MiAaPQ)EBC1134923
|
| 035 |
|
|
|a (Au-PeEL)EBL1134923
|
| 035 |
|
|
|a (CaPaEBR)ebr10449903
|
| 035 |
|
|
|a (CaONFJC)MIL300497
|
| 035 |
|
|
|a (OCoLC)830166637
|
| 040 |
|
|
|a MiAaPQ
|c MiAaPQ
|d MiAaPQ
|
| 050 |
|
4 |
|a HB2122.9
|b .Z43 2010
|
| 100 |
1 |
|
|a Zedekia Oloo, Siso.
|
| 245 |
1 |
0 |
|a Grasp the shield firmly, the journey is hard
|h [electronic resource] :
|b a history of Luo and Bantu migrations to North Mara, (Tanzania) 1850-1950 /
|c Siso Zedekia Oloo; Jan Bender Shetler (editor).
|
| 260 |
|
|
|a Dar es Salaam :
|b Mkuki na Nyota Publishers,
|c c2010.
|
| 300 |
|
|
|a xxiii, 349 p.
|
| 533 |
|
|
|a Electronic reproduction. Ann Arbor, MI : ProQuest, 2015. Available via World Wide Web. Access may be limited to ProQuest affiliated libraries.
|
| 650 |
|
0 |
|a Migration, Internal
|z Tanzania.
|
| 650 |
|
0 |
|a Bantu-speaking peoples
|x History.
|
| 655 |
|
4 |
|a Electronic books.
|
| 700 |
1 |
|
|a Shetler, Jan Bender.
|
| 710 |
2 |
|
|a ProQuest (Firm)
|
| 856 |
4 |
0 |
|u https://ebookcentral.proquest.com/lib/matrademy/detail.action?docID=1134923
|z Click to View
|